Capacités des Agents de Valorant - Statistiques

Statistiques générales
  • Ce quiz a été pris 49 fois
    13 depuis la dernière actualisation
  • Le résultat moyen est 21 sur 112
Statistiques - réponses
Agent Touche Capacité % Correct
A Électroflèche
57%
A MÉMOIRE/flash
57%
A Altego
43%
A Paranoïa
43%
C Saturation
43%
Ultime Apocalypse
29%
C Balise stimulante
29%
C Boum bot
29%
A Chasseur de têtes
29%
A Cisaille
29%
Ultime Confinement
29%
A Courant ascendant
29%
Ultime Croisée des chemins
29%
Sova E Flèche de reconnaissance
29%
C FRAG/ment
29%
Ultime Fureur du chasseur
29%
C Guet-apens
29%
Ultime Jardin d'acier
29%
A Mains brûlantes
29%
Ultime Mordicus
29%
C Pogo
29%
KAY/O E POINT/zéro
29%
Ultime Résurrection
29%
Ultime Tempête de lames
29%
Killjoy E Tourelle
29%
Jett E Vent arrière
29%
Gekko E Verti
29%
Ultime Vol neural
29%
A Angle mort
14%
Ultime Annihilation
14%
C Averse
14%
Phoenix E Balle courbe
14%
A Bombe incendiaire
14%
A Bot-alarme
14%
Ultime Bouquet final
14%
C Brasier
14%
Cypher E Caméra espionne
14%
A Capture
14%
Ultime CMD/null
14%
C Contingence
14%
C Coup de boost
14%
A Cybercage
14%
Ultime Depuis les ombres
14%
A Dévoration
14%
C Disque barrière
14%
Ultime Division cosmique
14%
Harbor E Dôme aqueux
14%
C Drone furtif
14%
C Drone rapace
14%
Ultime Duel à huis clos
14%
A Éclaireur
14%
A Éclair relais
14%
Viper E Écran toxique
14%
C Essaim de nanites
14%
A Étranglement
14%
Ultime Evolution
14%
C Feinte
14%
C Fil de détente
14%
Brimstone E Frappe fumigène
14%
Deadlock E GravNet
14%
Raze E Grenade gigogne
14%
Skye E Guide éclatant
14%
Fade E Hanteur
14%
Ultime Impératrice
14%
A Impulsion nova
14%
Veto E Intercepteur
14%
Breach E Ligne de fracture
14%
A Livraison spéciale
14%
A Marée haute
14%
C Morsure du serpent
14%
Astra E Nébuleuse
14%
Ultime Nid de vipères
14%
A Nuage de poison
14%
Ultime Nuit tombante
14%
C Œillade
14%
Ultime Onde sismique
14%
C Orbe barrière
14%
A Orbe de lenteur
14%
Sage E Orbe de soin
14%
A Pack explosif
14%
A Point d'ignition
14%
C Puits de gravité
14%
A Radar ultrason
14%
Ultime Rayon orbital
14%
Reyna E Rebuffade
14%
Waylay E Réfraction
14%
Chamber E Rendez-vous
14%
C Réplique
14%
Ultime Revanche
14%
C Revitalisation
14%
C Rôdeur
14%
C Ronce barbelée
14%
Vyse E Rose métallique
14%
Clove E Ruse
14%
Tejo E Salve autoguidée
14%
A Sape
14%
Iso E Tir couplé
14%
Ultime Toujours debout
14%
Ultime Tour de force
14%
Ultime Transfert dimensionnel
14%
Ultime Traqueurs
14%
A Trouble-fête
14%
Ultime Ultra-vitesse
14%
Yoru E Visite surprise
14%
A Vitesse lumière
14%
Neon E Vitesse supérieure
14%
C Voie des ombres
14%
C Voie rapide
14%
Omen E Voile sombre
14%
C Vortex
14%
Ultime Raz-de-marée
0%
C Tempête déferlante
0%
Aucun quiz correspondant
Distribution des résultats
% des personnes avec chaque résultat
Percentile par nombre de réponses
Votre historique - résultats
Vous n’avez pas pris ce quiz depuis la dernière actualisation